000 00433nam a2200193Ia 4500
001 13784
003 GE_BSU
008 181216s||||||||xx |||||||||||||| ||und||
040 _cGE_BSU
080 _a636.5(100)
245 4 _aThe world atlas of birds.
260 _aLondon.
260 _bCLB colour library books.
260 _c1974
300 _a272p;29cm.
300 _bill.
653 _aThe world atlas of birds.
942 _cBK
999 _c46931
_d46931